[Event "7. Arber-Open Bodenmais 2018"]
[Site "Bodenmais"]
[Date "2018.07.28"]
[Round "1.28"]
[White "Schwenkreis, Thomas"]
[Black "Naumann, Thomas"]
[Result "1-0"]
[WhiteElo "2087"]
[BlackElo "1710"]
[PlyCount "77"]
[EventDate "2018.??.??"]
[WhiteTeam "SV Oberursel"]
[BlackTeam "ESV Lok Döbeln"]

1. e4 c5 2. f4 d6 3. Bc4 Nf6 4. d3 g6 5. Nf3 Bg7 6. c3 O-O 7. Qe2 Nc6 8. Bb3
Qc7 9. Nbd2 a6 10. Nf1 e6 11. Ng3 b5 12. O-O Bb7 13. Bd2 Rad8 14. h3 Kh8 15.
Qf2 Qe7 16. Rae1 Na5 17. Bc2 Nc6 18. d4 cxd4 19. cxd4 Qc7 20. Be3 Rc8 21. Bb1
Qe7 22. Nd2 Qd7 23. Ne2 Na5 24. g4 Nc4 25. Nxc4 bxc4 26. Ng3 d5 27. e5 Ng8 28.
f5 exf5 29. gxf5 Bh6 30. Bxh6 Nxh6 31. Qf4 Ng8 32. Qh4 Qd8 33. Qf4 Qb6 34. e6
Qxb2 35. exf7 Rxf7 36. Qe5+ Nf6 37. fxg6 Re8 38. gxf7 Rxe5 39. f8=Q+ 1-0

[Event "7. Arber-Open Bodenmais 2018"]
[Site "Bodenmais"]
[Date "2018.07.28"]
[Round "1.29"]
[White "Heydt, Robert"]
[Black "Rieling, Thomas"]
[Result "0-1"]
[WhiteElo "1701"]
[BlackElo "2079"]
[PlyCount "38"]
[EventDate "2018.??.??"]
[WhiteTeam "SK Hörbranz"]
[BlackTeam "SC Diogenes"]

1. c4 e5 2. Nc3 Nc6 3. g3 g6 4. Bg2 Bg7 5. e3 d6 6. Nge2 Be6 7. d3 Qd7 8. O-O
Bh3 9. Nd5 O-O-O 10. b4 h5 11. b5 Nce7 12. Nec3 h4 13. Qa4 Kb8 14. e4 Bxg2 15.
Kxg2 hxg3 16. b6 Qh3+ 17. Kf3 g2+ 18. Ke2 gxf1=Q+ 19. Kd2 Qhxd3# 0-1

[Event "7. Arber-Open Bodenmais 2018"]
[Site "Bodenmais"]
[Date "2018.07.28"]
[Round "1.30"]
[White "Hohlfeld, Wolfgang"]
[Black "Mittermaier, Johann"]
[Result "1-0"]
[WhiteElo "2062"]
[BlackElo "1696"]
[PlyCount "45"]
[EventDate "2018.??.??"]
[WhiteTeam "SC Diogenes Hamburg"]
[BlackTeam "SV Deggendorf"]

1. e4 c5 2. c3 d5 3. exd5 Qxd5 4. d4 Nc6 5. Nf3 Bg4 6. Be2 e6 7. h3 Bh5 8. c4
Qd7 9. d5 exd5 10. cxd5 Nb4 11. Nc3 O-O-O 12. O-O Nxd5 13. Nxd5 Qxd5 14. Qa4
Qe6 15. Be3 Qb6 16. b4 Kb8 17. Rab1 Qc6 18. Qa3 Nf6 19. bxc5 Nd5 20. Nd4 Qg6
21. Bxh5 Qxh5 22. Nc6+ Kc8 23. Qxa7 1-0

[Event "7. Arber-Open Bodenmais 2018"]
[Site "Bodenmais"]
[Date "2018.07.28"]
[Round "1.31"]
[White "Lehmann, Nils"]
[Black "Hein, Ralf"]
[Result "0-1"]
[WhiteElo "1681"]
[BlackElo "2048"]
[PlyCount "120"]
[EventDate "2018.??.??"]
[WhiteTeam "SV Lahn Limburg"]
[BlackTeam "SC Diogenes"]

1. e4 e5 2. Nf3 Nc6 3. Bc4 Be7 4. c3 Nf6 5. d3 O-O 6. Nbd2 d5 7. exd5 Nxd5 8.
O-O Nf4 9. Re1 Bg4 10. Ne4 Na5 11. Bb5 a6 12. Bxf4 exf4 13. Ba4 f5 14. Ned2 b5
15. Bb3+ Kh8 16. Qe2 Nxb3 17. axb3 Bf6 18. d4 Bh5 19. Qe6 Qc8 20. Qxc8 Rfxc8
21. Re6 a5 22. Ne5 Re8 23. Rxe8+ Bxe8 24. Ndf3 g5 25. h3 h5 26. g4 fxg3 27.
fxg3 g4 28. hxg4 hxg4 29. Ne1 c5 30. N1d3 cxd4 31. cxd4 a4 32. b4 Rd8 33. Rf1
Rxd4 34. Rxf5 Kg7 35. Nf4 Rd1+ 36. Kf2 Bxe5 37. Rxe5 Bc6 38. Rg5+ Kf7 39. Ke3
Rb1 40. Nd3 Bd7 41. Re5 Kf6 42. Rd5 Be8 43. Rc5 Bg6 44. Rxb5 Bxd3 45. Kxd3 Rxb2
46. Ke3 a3 47. Ra5 Rb3+ 48. Kf2 Ke6 49. b5 Kd6 50. b6 Kc6 51. Ra8 Kb7 52. Ra4
Kxb6 53. Rxg4 Ka5 54. Rg8 Rb6 55. Rg5+ Kb4 56. Re5 a2 57. Re1 Ka3 58. Kg2 Rb1
59. Re3+ Kb4 60. Re4+ Kc5 0-1

[Event "7. Arber-Open Bodenmais 2018"]
[Site "Bodenmais"]
[Date "2018.07.28"]
[Round "1.32"]
[White "Palmi, Herbert"]
[Black "Kissel, Ralf"]
[Result "1/2-1/2"]
[WhiteElo "2048"]
[BlackElo "1639"]
[PlyCount "72"]
[EventDate "2018.??.??"]
[WhiteTeam "SC Bayerwald"]
[BlackTeam "SK Mannheim"]

1. f4 d5 2. Nf3 c5 3. e3 Nc6 4. Bb5 a6 5. Bxc6+ bxc6 6. c4 Qc7 7. b3 Bg4 8. Bb2
Nf6 9. O-O e6 10. h3 Bxf3 11. Qxf3 Be7 12. Nc3 O-O 13. d3 Rfd8 14. e4 Rac8 15.
e5 Nd7 16. Rae1 Re8 17. Qg4 Bf8 18. Re2 f6 19. exf6 Nxf6 20. Qf3 Bd6 21. Na4
Qf7 22. Be5 Qf8 23. Qe3 Nd7 24. Qd2 Bxe5 25. fxe5 Qe7 26. Qa5 Rf8 27. Rfe1 Qh4
28. Qxa6 Qd4+ 29. Kh1 Qxd3 30. Nb2 Qg6 31. cxd5 cxd5 32. Qd3 Qxd3 33. Nxd3 c4
34. bxc4 Rxc4 35. Kg1 Rd4 36. Nf2 Ra4 1/2-1/2

[Event "7. Arber-Open Bodenmais 2018"]
[Site "Bodenmais"]
[Date "2018.07.28"]
[Round "1.33"]
[White "Fuchs, Florian"]
[Black "Kolb, Wolfgang"]
[Result "1/2-1/2"]
[WhiteElo "1621"]
[BlackElo "2047"]
[PlyCount "65"]
[EventDate "2018.??.??"]
[WhiteTeam "DJK SF Haselbach"]
[BlackTeam "SK Königsbrunn"]

1. e4 c6 2. d4 d5 3. e5 c5 4. c4 cxd4 5. Nf3 Nc6 6. Nxd4 e6 7. f4 Qb6 8. Nb3
Bb4+ 9. Bd2 Qe3+ 10. Be2 Qxf4 11. Nc3 Bxc3 12. Bxc3 dxc4 13. Nd4 Nxd4 14. Bxd4
Bd7 15. Rc1 Bc6 16. Rxc4 Rd8 17. b4 Bb5 18. Rc8 Rxc8 19. Bxb5+ Rc6 20. Bxc6+
bxc6 21. Rf1 Qe4+ 22. Kf2 Ne7 23. Kg1 Nf5 24. Bc5 Qxe5 25. Qd3 Qd5 26. Qa3 Qd7
27. Qf3 a6 28. g4 Nh6 29. Qf4 f6 30. Qb8+ Qd8 31. Qb7 Qd7 32. Qb8+ Qd8 33. Qb7
1/2-1/2

[Event "7. Arber-Open Bodenmais 2018"]
[Site "Bodenmais"]
[Date "2018.07.28"]
[Round "1.34"]
[White "Huhs, Sven"]
[Black "Bartels, Christian"]
[Result "1-0"]
[WhiteElo "2034"]
[BlackElo "1614"]
[PlyCount "85"]
[EventDate "2018.??.??"]
[WhiteTeam "FG Wohlde"]
[BlackTeam "Niederlande"]
[BlackTeamCountry "NED"]

1. d4 d6 2. c4 Nf6 3. Nc3 h6 4. e4 Nc6 5. f4 Bg4 6. Be2 Bxe2 7. Ngxe2 e5 8. O-O
Be7 9. Kh1 O-O 10. Be3 Kh7 11. d5 Ng4 12. Bg1 Nb8 13. h3 Nf6 14. fxe5 dxe5 15.
Ng3 g6 16. Qd2 Nbd7 17. a3 Ng8 18. Rae1 b6 19. Rf3 Bh4 20. Ref1 Kg7 21. Be3 Bf6
22. Nge2 g5 23. Ng3 Kg6 24. Qf2 Qe7 25. Nf5 Qd8 26. b4 a5 27. c5 axb4 28. axb4
Ra3 29. Qb2 Rxc3 30. Qxc3 Be7 31. d6 cxd6 32. cxd6 Bf6 33. Qc4 h5 34. Bd2 Nh6
35. Nxh6 Kxh6 36. Rf5 Kg6 37. h4 gxh4 38. Qe2 Rh8 39. Qf3 Kg7 40. Bc3 Qe8 41.
Rxf6 Nxf6 42. Qxf6+ Kg8 43. Rf5 1-0

[Event "7. Arber-Open Bodenmais 2018"]
[Site "Bodenmais"]
[Date "2018.07.28"]
[Round "1.35"]
[White "Schreiber, Egwin"]
[Black "Gschwendtner, Stanislav"]
[Result "0-1"]
[WhiteElo "1586"]
[BlackElo "2032"]
[PlyCount "74"]
[EventDate "2018.??.??"]
[WhiteTeam "SV Deggendorf"]
[BlackTeam "SC Bayerwald"]

1. e4 c5 2. Nc3 Nc6 3. Nf3 e5 4. Bb5 d6 5. O-O Nf6 6. d3 Be7 7. Nd5 O-O 8. Bxc6
bxc6 9. Nxe7+ Qxe7 10. Bg5 h6 11. Bxf6 Qxf6 12. Nd2 d5 13. f3 Rb8 14. Rb1 c4
15. dxc4 Ba6 16. b3 Rfd8 17. exd5 cxd5 18. Qe2 Qb6+ 19. Kh1 Qg6 20. Rbc1 dxc4
21. Nxc4 Bxc4 22. Qxc4 Rd2 23. Rg1 Rbd8 24. Qc7 e4 25. fxe4 Qxe4 26. a4 R8d5
27. Rcf1 Rd7 28. Qc8+ Kh7 29. c4 f5 30. c5 f4 31. c6 Rf7 32. Re1 Re2 33. Rxe2
Qxe2 34. Qd8 f3 35. c7 fxg2+ 36. Rxg2 Rf1+ 37. Rg1 Qf3# 0-1

[Event "7. Arber-Open Bodenmais 2018"]
[Site "Bodenmais"]
[Date "2018.07.28"]
[Round "1.36"]
[White "Witte, Ronald"]
[Black "Steppuhn, Simone"]
[Result "1-0"]
[WhiteElo "2031"]
[BlackElo "1570"]
[PlyCount "65"]
[EventDate "2018.??.??"]
[WhiteTeam "BSV 63 Chemie Weißensee"]
[BlackTeam "Brühler SK"]

1. d4 d5 2. c4 c6 3. Nf3 Nf6 4. e3 Bf5 5. Nc3 h6 6. cxd5 cxd5 7. Qb3 Bc8 8.
Bb5+ Nc6 9. Ne5 Qd6 10. Qa4 Bd7 11. Nxd7 Qxd7 12. O-O e6 13. Bd2 Be7 14. Rfc1
O-O 15. Bxc6 bxc6 16. b4 Rfc8 17. a3 a6 18. Qd1 Qe8 19. Na4 Nd7 20. Rc2 Bd8 21.
Rac1 Nb6 22. Nb2 Rc7 23. a4 Rac8 24. Qe2 Ra7 25. b5 axb5 26. axb5 Ra2 27. bxc6
Rxb2 28. Rxb2 Rxc6 29. Rxc6 Qxc6 30. Qb5 Qxb5 31. Rxb5 Nd7 32. Rb7 Nf8 33. Bb4
1-0

[Event "7. Arber-Open Bodenmais 2018"]
[Site "Bodenmais"]
[Date "2018.07.28"]
[Round "1.37"]
[White "Thullen, Andre"]
[Black "Wuest, Hans-Heiner"]
[Result "0-1"]
[WhiteElo "1570"]
[BlackElo "2026"]
[PlyCount "64"]
[EventDate "2018.??.??"]
[WhiteTeam "SV Urmitz"]
[BlackTeam "SV Walldorf"]

1. d4 Nf6 2. Nf3 g6 3. Bf4 Bg7 4. Nbd2 d5 5. g3 b6 6. Bg2 Bb7 7. O-O O-O 8. Re1
Nbd7 9. Nb3 a5 10. a4 Rc8 11. Qd2 Ne4 12. Qc1 c5 13. Bh6 cxd4 14. Bxg7 Kxg7 15.
Nfxd4 Nd6 16. Nd2 e5 17. N4f3 f6 18. e3 Nc5 19. Qb1 Qd7 20. b3 Na6 21. Qb2 Nb4
22. Rac1 g5 23. Nxg5 fxg5 24. Qxe5+ Kg6 25. Bh3 Qxh3 26. Qxd6+ Rf6 27. Qe7 Bc6
28. f4 Re8 29. Qc7 gxf4 30. Nf3 fxg3 31. Ne5+ Rxe5 32. Qxe5 Qxh2# 0-1

[Event "7. Arber-Open Bodenmais 2018"]
[Site "Bodenmais"]
[Date "2018.07.28"]
[Round "1.38"]
[White "Godoj, Veit"]
[Black "Rempe, Jonas"]
[Result "1-0"]
[WhiteElo "2017"]
[BlackElo "1567"]
[PlyCount "57"]
[EventDate "2018.??.??"]
[WhiteTeam "Königsjäger SW Berlin"]
[BlackTeam "SK Doppelbauer Kiel"]

1. d4 Nf6 2. Bg5 Ne4 3. Bf4 g5 4. Bc1 h6 5. f3 Nf6 6. e4 d6 7. Nc3 Bg7 8. Be3
O-O 9. Qd2 e5 10. d5 Nh5 11. O-O-O Nf4 12. g3 Ng6 13. h4 f6 14. Bh3 Na6 15.
hxg5 fxg5 16. Qh2 Nc5 17. Bxc5 dxc5 18. Bxc8 Rxc8 19. Qh5 Qd6 20. Nh3 a6 21.
Nf2 Nh8 22. Rdf1 Qg6 23. Qg4 b5 24. Ncd1 c4 25. Ne3 c3 26. bxc3 Qd6 27. Nf5
Qa3+ 28. Kd2 Kh7 29. Qxg5 1-0

[Event "7. Arber-Open Bodenmais 2018"]
[Site "Bodenmais"]
[Date "2018.07.28"]
[Round "1.39"]
[White "Schmied, Eva-Maria"]
[Black "Villani, Cristian"]
[Result "1/2-1/2"]
[WhiteElo "1559"]
[BlackElo "2010"]
[PlyCount "49"]
[EventDate "2018.??.??"]
[WhiteTeam "SC Mpoe Maria Saal"]
[BlackTeam "SK Durlach"]

1. e4 e6 2. d4 d5 3. Nd2 a6 4. Bd3 c5 5. dxc5 Bxc5 6. Ngf3 Nc6 7. exd5 exd5 8.
Nb3 Ba7 9. c3 Nf6 10. O-O O-O 11. Bg5 Qd6 12. Qc2 h6 13. Bh4 Bg4 14. Bg3 Qd7
15. Nfd4 Rac8 16. h3 Nb4 17. Qd2 Nxd3 18. Qxd3 Bh5 19. Qf5 Bg6 20. Qxd7 Nxd7
21. Rad1 Rfe8 22. Kh2 Bb8 23. Bxb8 Rxb8 24. Rfe1 Nf6 25. Kg1 1/2-1/2

[Event "7. Arber-Open Bodenmais 2018"]
[Site "Bodenmais"]
[Date "2018.07.28"]
[Round "1.40"]
[White "Huber, Florian"]
[Black "Roesch, Felix"]
[Result "1-0"]
[WhiteElo "2007"]
[BlackElo "1523"]
[PlyCount "47"]
[EventDate "2018.??.??"]
[WhiteTeam "SK Landau-Dingolfing"]
[BlackTeam "SV Urmitz"]

1. d4 Nf6 2. Nf3 e6 3. e3 d5 4. Bd3 c5 5. b3 Nc6 6. Bb2 cxd4 7. exd4 Bd6 8. O-O
O-O 9. a3 Re8 10. Ne5 Qc7 11. Qe1 Nd7 12. f4 Qb6 13. Qf2 f6 14. Nxd7 Bxd7 15.
Kh1 Ne7 16. Nd2 Rac8 17. c4 Bb8 18. c5 Qc7 19. b4 a6 20. Qe2 Nc6 21. Qh5 f5 22.
Nf3 g6 23. Qh6 Qxf4 24. Ng5 1-0

[Event "7. Arber-Open Bodenmais 2018"]
[Site "Bodenmais"]
[Date "2018.07.28"]
[Round "1.41"]
[White "Gaedt, Mario"]
[Black "Steinbach, Peter"]
[Result "0-1"]
[WhiteElo "1506"]
[BlackElo "2000"]
[PlyCount "62"]
[EventDate "2018.??.??"]
[WhiteTeam "SV Bergen"]
[BlackTeam "SV Crailsheim"]

1. d4 Nf6 2. Nf3 g6 3. c4 Bg7 4. Nc3 d6 5. Bg5 h6 6. Bxf6 Bxf6 7. e4 Nc6 8. h3
a6 9. Be2 Bg7 10. a3 e5 11. d5 Nd4 12. Bd3 O-O 13. Nxd4 exd4 14. Ne2 f5 15. Qc2
c6 16. O-O f4 17. f3 Be5 18. Kh1 Qh4 19. Ng1 Bd7 20. Qf2 Qf6 21. Rad1 Rac8 22.
Rc1 Rc7 23. b4 Rfc8 24. Ne2 g5 25. Rg1 h5 26. Kh2 g4 27. g3 fxg3+ 28. Nxg3 h4
29. Kh1 hxg3 30. Rxg3 Bxg3 31. Qxg3 Qxf3+ 0-1

[Event "7. Arber-Open Bodenmais 2018"]
[Site "Bodenmais"]
[Date "2018.07.28"]
[Round "1.42"]
[White "Fehrmann, Gregor"]
[Black "Wudi, Tobias"]
[Result "1-0"]
[WhiteElo "1989"]
[BlackElo "1491"]
[PlyCount "37"]
[EventDate "2018.??.??"]
[WhiteTeam "SK Bruckmühl"]
[BlackTeam "SC Bayerwald"]

1. e4 e5 2. d4 exd4 3. c3 dxc3 4. Nxc3 Nc6 5. Nf3 d6 6. Bc4 Bg4 7. Qb3 Nh6 8.
Bxh6 gxh6 9. Bxf7+ Kd7 10. h3 Bxh3 11. Rxh3 Qf6 12. Nd5 Qg7 13. Rg3 Qxf7 14.
Nb6+ Ke7 15. Qxf7+ Kxf7 16. Nxa8 Bg7 17. Nxc7 Bxb2 18. Rb1 Bc3+ 19. Kf1 1-0

[Event "7. Arber-Open Bodenmais 2018"]
[Site "Bodenmais"]
[Date "2018.07.28"]
[Round "1.44"]
[White "Strangmueller, Andreas"]
[Black "Hedzic, Omer"]
[Result "1-0"]
[WhiteElo "1980"]
[BlackElo "1470"]
[PlyCount "43"]
[EventDate "2018.??.??"]
[WhiteTeam "SK Landshut"]
[BlackTeam "SC Bayerwald"]

1. d4 e6 2. c4 c5 3. d5 exd5 4. cxd5 d6 5. Nc3 Nd7 6. e4 g6 7. Nf3 Bg7 8. Nd2
Bxc3 9. bxc3 Ngf6 10. Be2 O-O 11. O-O Re8 12. Qc2 a6 13. a4 b6 14. c4 Bb7 15.
Bb2 Ne5 16. f4 Ned7 17. Bf3 Rb8 18. Rae1 h6 19. e5 dxe5 20. fxe5 Nh7 21. e6
fxe6 22. Qxg6+ 1-0

[Event "7. Arber-Open Bodenmais 2018"]
[Site "Bodenmais"]
[Date "2018.07.28"]
[Round "1.45"]
[White "Hildebrand, Georg"]
[Black "Schultes, Christoph"]
[Result "0-1"]
[WhiteElo "1462"]
[BlackElo "1976"]
[PlyCount "120"]
[EventDate "2018.??.??"]
[WhiteTeam "SK Marburg"]
[BlackTeam "SK Landau-Dingolfing"]

1. c4 e6 2. a3 d5 3. g3 Nf6 4. Bg2 Be7 5. Nf3 O-O 6. cxd5 exd5 7. O-O c6 8. d3
Bf5 9. Nc3 h6 10. Bd2 Nbd7 11. b4 a6 12. Be3 Bd6 13. Qc1 Re8 14. Bxh6 gxh6 15.
Qxh6 Bf8 16. Qg5+ Bg6 17. Rfe1 Nh5 18. Qxd8 Raxd8 19. Rab1 Bg7 20. Nd1 Nb6 21.
Nd2 Na4 22. Rb3 Nf6 23. Kh1 Bh6 24. f4 Re7 25. e4 dxe4 26. Nxe4 Nxe4 27. dxe4
Rd2 28. Bf3 Bg7 29. Rb1 Rd4 30. Nf2 Nc3 31. Rbc1 Nxe4 32. Bxe4 Bxe4+ 33. Nxe4
Rexe4 34. Rf1 Rd2 35. Rce1 Rxe1 36. Rxe1 Kf8 37. g4 Rd3 38. Re4 Rxa3 39. g5 f5
40. Re6 Rf3 41. Rd6 Rxf4 42. Rd7 Rxb4 43. g6 a5 44. Rf7+ Kg8 45. Rxf5 a4 46.
Rf3 Rb3 47. Rf1 a3 48. Rd1 a2 49. Rd8+ Bf8 50. Rd2 a1=Q+ 51. Kg2 Qa5 52. Rf2
Qg5+ 53. Kf1 Rb1+ 54. Ke2 Rb2+ 55. Kf1 Rxf2+ 56. Kxf2 Qf4+ 57. Kg2 Kg7 58. h3
Kxg6 59. Kg1 Qd2 60. h4 Kf5 0-1

[Event "7. Arber-Open Bodenmais 2018"]
[Site "Bodenmais"]
[Date "2018.07.28"]
[Round "1.46"]
[White "Schleich, Theodor"]
[Black "Krawiec, Jan"]
[Result "1-0"]
[WhiteElo "1961"]
[BlackElo "1460"]
[PlyCount "33"]
[EventDate "2018.??.??"]
[WhiteTeam "Münchener SC"]
[BlackTeam "SV Unser Fritz"]

1. d4 d5 2. Bg5 Nc6 3. Nf3 h6 4. Bh4 f6 5. e3 Bg4 6. Bd3 g5 7. Bg3 Bh5 8. Ne5
Nxe5 9. Qxh5+ Nf7 10. Bg6 Qd7 11. Bxf7+ Kd8 12. c4 e6 13. cxd5 Qxd5 14. Nc3
Qxg2 15. O-O-O Qc6 16. d5 exd5 17. Bxd5 1-0

[Event "7. Arber-Open Bodenmais 2018"]
[Site "Bodenmais"]
[Date "2018.07.28"]
[Round "1.47"]
[White "Krejci, Vera Marie"]
[Black "Hrdina, Karl"]
[Result "0-1"]
[WhiteElo "1438"]
[BlackElo "1957"]
[PlyCount "144"]
[EventDate "2018.??.??"]
[WhiteTeam "SK Rothenburg"]
[BlackTeam "SV Mödling"]

1. e4 e5 2. Nf3 Nc6 3. Bc4 Bc5 4. b4 Bxb4 5. c3 Be7 6. d4 Bf6 7. Qb3 Qe7 8. Ba3
d6 9. d5 Nb8 10. O-O Nd7 11. Bb5 a6 12. Bxd7+ Qxd7 13. Nbd2 Ne7 14. c4 b6 15.
Qe3 O-O 16. Ng5 Ng6 17. Nh3 Qg4 18. f4 exf4 19. Nxf4 Bxa1 20. Nxg6 fxg6 21.
Rxa1 Qf4 22. Qe2 Qe5 23. Rd1 Bd7 24. Nf3 Qf4 25. Bc1 Qg4 26. Re1 Rae8 27. Bb2
h6 28. e5 dxe5 29. Nxe5 Qxe2 30. Rxe2 Rf5 31. Re1 Ba4 32. Bc3 Kh7 33. Nd3 Rxe1+
34. Bxe1 b5 35. Nc5 Bd1 36. Nxa6 bxc4 37. Nxc7 Be2 38. Bf2 c3 39. g3 c2 40. Be3
Rf1+ 41. Kg2 c1=Q 42. Bxc1 Rxc1 43. Ne8 Ra1 44. a4 Rxa4 45. d6 Bb5 46. Nc7 Bc6+
47. Kf2 Ra2+ 48. Ke3 Rxh2 49. Kd4 Rg2 50. Kc5 Rc2+ 51. Kb6 Bd7 52. Nd5 Rc6+ 53.
Kb5 Rxd6+ 54. Kc5 Rxd5+ 55. Kxd5 g5 56. Ke5 Kg6 57. Ke4 Kh5 58. Kf3 Bc6+ 59.
Kf2 Kg4 60. Kg1 h5 61. Kh2 h4 62. gxh4 gxh4 63. Kg1 Kg3 64. Kf1 h3 65. Kg1 h2+
66. Kf1 h1=Q+ 67. Ke2 Qf3+ 68. Kd2 Ba4 69. Kc1 Qc3+ 70. Kb1 Bc2+ 71. Ka2 Qb3+
72. Ka1 Qb1# 0-1

[Event "7. Arber-Open Bodenmais 2018"]
[Site "Bodenmais"]
[Date "2018.07.28"]
[Round "1.48"]
[White "Wacker, Felix"]
[Black "Hoffmann, Steffen"]
[Result "1-0"]
[WhiteElo "1956"]
[BlackElo "1417"]
[PlyCount "91"]
[EventDate "2018.??.??"]
[WhiteTeam "SC Lambsheim"]
[BlackTeam "SC NT Nürnberg"]

1. e4 c5 2. Nf3 Nf6 3. e5 Nd5 4. c3 Nc6 5. d4 cxd4 6. cxd4 e6 7. Nc3 Qa5 8. Bd2
Bb4 9. Nb5 Bxd2+ 10. Qxd2 Qxd2+ 11. Kxd2 Ke7 12. Bc4 a6 13. Nd6 Nb6 14. Bd3 Nd5
15. Be4 Nc7 16. Bxc6 bxc6 17. Ng5 a5 18. f4 h6 19. Nge4 Ba6 20. g4 Rab8 21. b3
Rb4 22. f5 Nd5 23. Nc4 Bxc4 24. bxc4 Rxc4 25. Kd3 Rb4 26. Rhf1 Rb2 27. f6+ gxf6
28. exf6+ Nxf6 29. Nxf6 Rhb8 30. Ne4 R8b5 31. Rf3 f5 32. gxf5 Rxf5 33. Rxf5
exf5 34. Nd2 Kf6 35. Kc3 Rb5 36. Nc4 d5 37. Ne5 Rb7 38. Rg1 Rg7 39. Rxg7 Kxg7
40. Nxc6 f4 41. Nxa5 Kg6 42. Nc6 Kf5 43. Kd3 Kg4 44. Ne5+ Kh3 45. Nf3 Kg2 46.
Ke2 1-0

[Event "7. Arber-Open Bodenmais 2018"]
[Site "Bodenmais"]
[Date "2018.07.28"]
[Round "1.49"]
[White "Karayilan, Nilufer"]
[Black "Reuter, Roland"]
[Result "0-1"]
[WhiteElo "1326"]
[BlackElo "1953"]
[PlyCount "100"]
[EventDate "2018.??.??"]
[WhiteTeam "SV Doorn Driebergen"]
[BlackTeam "SK Schwabach"]

1. d4 Nf6 2. c4 g6 3. Nf3 Bg7 4. Nc3 d5 5. cxd5 Nxd5 6. Nxd5 Qxd5 7. e3 O-O 8.
Be2 Nc6 9. O-O Bf5 10. b3 Rad8 11. Bc4 Qd6 12. Bd2 e5 13. dxe5 Nxe5 14. Nd4
Nxc4 15. bxc4 Bxd4 16. exd4 Qxd4 17. Be3 Qxc4 18. Qc1 Bd3 19. Qxc4 Bxc4 20.
Rfc1 b5 21. Bxa7 Rd2 22. a4 Rfd8 23. axb5 Bxb5 24. h3 c6 25. Bc5 R8d7 26. Re1
Rc2 27. Rac1 Rxc1 28. Rxc1 f6 29. g3 Kf7 30. Kg2 Ke6 31. Rc3 Rd1 32. Kf3 Kd5
33. Be3 Bc4 34. Rc2 h5 35. Rd2+ Rxd2 36. Bxd2 c5 37. Ke3 Bf1 38. Bc3 Bxh3 39.
Bxf6 Bf5 40. Kf4 Kc4 41. Kg5 Kd3 42. f3 Kd2 43. g4 hxg4 44. fxg4 Bd3 45. Kh6 c4
46. Bg5+ Kc2 47. Kg7 c3 48. Kf6 Kb2 49. Ke5 c2 50. Kd4 Be2 0-1

[Event "7. Arber-Open Bodenmais 2018"]
[Site "Bodenmais"]
[Date "2018.07.28"]
[Round "1.50"]
[White "Legemaat, Gerrit"]
[Black "Stowicek, Lars"]
[Result "1-0"]
[WhiteElo "1946"]
[BlackElo "1275"]
[PlyCount "73"]
[EventDate "2018.??.??"]
[WhiteTeam "SV Doorn Driebergen"]
[BlackTeam "USV Halle"]

1. d4 Nf6 2. c4 e5 3. dxe5 Ng4 4. e3 Nxe5 5. Nh3 Nbc6 6. Be2 Bb4+ 7. Bd2 Bxd2+
8. Qxd2 d6 9. Nf4 O-O 10. O-O h6 11. Nc3 Na5 12. b3 Nac6 13. Rad1 Bf5 14. Nfd5
a6 15. f4 Nd7 16. e4 Bh7 17. Bf3 Re8 18. b4 Ne7 19. Ne3 Ng6 20. Nf5 Rb8 21. c5
Ngf8 22. cxd6 cxd6 23. Nd5 Ne6 24. Nxd6 Rf8 25. f5 Ne5 26. fxe6 Nxf3+ 27. Rxf3
fxe6 28. Rxf8+ Kxf8 29. Qf4+ Kg8 30. Qf7+ Kh8 31. Qxe6 Bg8 32. Qg6 Bxd5 33.
exd5 Qb6+ 34. Kh1 Qf2 35. Nf7+ Kg8 36. Nxh6+ Kf8 37. Qd6+ 1-0

[Event "7. Arber-Open Bodenmais 2018"]
[Site "Bodenmais"]
[Date "2018.07.28"]
[Round "1.51"]
[White "Schloegl, Andreas"]
[Black "Brock, Ditmar"]
[Result "0-1"]
[WhiteElo "1204"]
[BlackElo "1933"]
[PlyCount "56"]
[EventDate "2018.??.??"]
[WhiteTeam "SC Beilngries"]
[BlackTeam "SC Bad Kötzting"]

1. e4 c5 2. c4 Nc6 3. Nf3 g6 4. Nc3 Bg7 5. a3 d6 6. Qb3 Nf6 7. Be2 O-O 8. O-O
Nd4 9. Nxd4 cxd4 10. Nd5 Nxe4 11. Qf3 Ng5 12. Qf4 e6 13. Nb4 Be5 14. d3 Bxf4
15. Bxf4 e5 16. Bd2 f5 17. Rae1 a5 18. Nd5 Be6 19. Rc1 Bxd5 20. cxd5 f4 21. Bg4
h5 22. Be6+ Nxe6 23. dxe6 Qe7 24. Rc2 Qxe6 25. Ra1 Qb3 26. Rc7 Qxb2 27. Rd1 Rf7
28. Bc1 Qb3 0-1

[Event "7. Arber-Open Bodenmais 2018"]
[Site "Bodenmais"]
[Date "2018.07.28"]
[Round "1.52"]
[White "Kneutgen, Alexander"]
[Black "Rempe, Lennik"]
[Result "1-0"]
[WhiteElo "1933"]
[BlackElo "1143"]
[PlyCount "67"]
[EventDate "2018.??.??"]
[WhiteTeam "SG Niederkassel"]
[BlackTeam "SK Doppelbauer Kiel"]

1. e4 e5 2. Nf3 Nc6 3. Bb5 a6 4. Ba4 Nf6 5. d4 d6 6. dxe5 dxe5 7. Qxd8+ Kxd8 8.
Bxc6 bxc6 9. Nxe5 Bc5 10. Nxf7+ Ke8 11. Nxh8 Be6 12. O-O Kf8 13. Nc3 Kg8 14.
Be3 Bxe3 15. fxe3 Kxh8 16. h3 Nd7 17. Rad1 Nf6 18. Rd4 c5 19. Rd2 Rb8 20. b3
Rb4 21. e5 Nd7 22. Rxd7 h6 23. Rd8+ Kh7 24. Nd5 Bxd5 25. Rxd5 c4 26. Rd4 a5 27.
e6 Rb8 28. e7 Re8 29. Re4 cxb3 30. cxb3 c5 31. Rf8 Rxf8 32. exf8=Q Kg6 33. Rg4+
Kh7 34. Qxg7# 1-0

[Event "7. Arber-Open Bodenmais 2018"]
[Site "Bodenmais"]
[Date "2018.07.28"]
[Round "1.53"]
[White "Merkl, Michael"]
[Black "Rier, Guenter"]
[Result "1/2-1/2"]
[WhiteElo "1689"]
[BlackElo "1930"]
[PlyCount "87"]
[EventDate "2018.??.??"]
[WhiteTeam "TSV Kösching"]
[BlackTeam "SV Mödling"]

1. e4 e6 2. d4 d5 3. exd5 exd5 4. Nf3 Bd6 5. Bd3 Ne7 6. Bg5 f6 7. Be3 Bf5 8.
Nc3 c6 9. Ne2 Qc7 10. h3 Nd7 11. Qd2 Nb6 12. b3 a5 13. Bxf5 Nxf5 14. Bf4 O-O
15. O-O a4 16. Bxd6 Qxd6 17. Qd3 Qd7 18. Nf4 Rfe8 19. Rfe1 axb3 20. axb3 Rxa1
21. Rxa1 Nd6 22. Re1 Re4 23. Qd2 Qe7 24. Qa5 Rxe1+ 25. Qxe1 Qxe1+ 26. Nxe1 Kf7
27. Ned3 Nd7 28. f3 Nb5 29. Ne2 Ke7 30. Kf2 Kd6 31. Ke3 Na3 32. c3 b6 33. Nef4
g6 34. h4 Nf8 35. h5 c5 36. dxc5+ bxc5 37. hxg6 hxg6 38. g4 Nb1 39. Ne2 Ne6 40.
Ndf4 Nxf4 41. Kxf4 Nd2 42. Nc1 Ke6 43. Ke3 Nb1 44. Kd3 1/2-1/2

[Event "7. Arber-Open Bodenmais 2018"]
[Site "Bodenmais"]
[Date "2018.07.28"]
[Round "1.54"]
[White "Lehmann, Tim"]
[Black "Nusser, Hans-Karl"]
[Result "1-0"]
[WhiteElo "1915"]
[BlackElo "1659"]
[PlyCount "73"]
[EventDate "2018.??.??"]
[WhiteTeam "SV Lahn Limburg"]
[BlackTeam "Münchener SC"]

1. d4 Nf6 2. Bf4 g6 3. Nc3 Bg7 4. e4 d6 5. Qd2 O-O 6. O-O-O Bd7 7. Bh6 a6 8. h4
b5 9. f3 Nh5 10. g4 Ng3 11. Rh3 b4 12. Nb1 Nxe4 13. fxe4 Bxg4 14. h5 Bxh3 15.
Nxh3 Nd7 16. hxg6 fxg6 17. Bc4+ Kh8 18. Bxg7+ Kxg7 19. Ng5 Rf6 20. Ne6+ Rxe6
21. Bxe6 Nf8 22. Bd5 Rb8 23. Qf4 e6 24. Bc4 a5 25. Rf1 Qe7 26. Nd2 Nd7 27. Qg4
Re8 28. e5 d5 29. Bb5 Rf8 30. Bxd7 Rxf1+ 31. Nxf1 Qxd7 32. Qf4 Qe7 33. Ne3 g5
34. Qf3 Kg6 35. Ng4 h5 36. Nf6 h4 37. Qd3+ 1-0